书目信息 |
| 题名: |
SPSS for Windows Ver.11.5在医学统计中的应用
|
|
| 作者: | 马斌荣 | |
| 分册: | ||
| 出版信息: | 北京 科学出版社 2004 |
|
| 页数: | 295 | |
| 开本: | 23cm | |
| 丛书名: | ||
| 单 册: | ||
| 中图分类: | R195.1-39 | |
| 科图分类: | ||
| 主题词: | 医药卫生组织机构 , 医疗保健事业 | |
| 电子资源: | ||
| ISBN: | 7-03-012678-5 | |
| 000 | 00624nam0 2200205 450 | |
| 001 | 0741144344 | |
| 005 | 20070817112544.34 | |
| 010 | @a7-03-012678-5@d¥28.00 | |
| 100 | @a20070817d km y0chiy0120 ea | |
| 101 | 0 | @achi |
| 200 | 1 | @aSPSS for Windows Ver.11.5在医学统计中的应用@ASPSS for Windows Ver.11.5 zai yi xue tong ji zhong de ying yong@f马斌荣@Fma bin rong |
| 205 | @a3版 | |
| 210 | @a北京@c科学出版社@d2004 | |
| 215 | @a295@d23cm | |
| 606 | 0 | @a医药卫生组织机构 |
| 606 | 0 | @a医疗保健事业 |
| 690 | @aR195.1-39@v3 | |
| 701 | 0 | @a马斌荣@Ama bin rong |
| 801 | 0 | @aCN@bPFT@c20070817 |
| 905 | @a213230@dR195.1-39@en2@f1 | |
| SPSS for Windows Ver.11.5在医学统计中的应用/马斌荣.-3版.-北京:科学出版社,2004 |
| 295;23cm |
| ISBN 7-03-012678-5:¥28.00 |
| ● |
| 相关链接 |
|
|
|
|
正题名:SPSS for Windows Ver.11.5在医学统计中的应用
索取号:R195.1-39/n2
 
预约/预借
| 序号 | 登录号 | 条形码 | 馆藏地/架位号 | 状态 | 备注 |
| 1 | 6601200 | 266012003 | 生命科学系资料室/ [索取号:R195.1-39/n2] | 在馆 |